000
00218 a2200097 4500
001
31551
100
_a
Rosch, winn L
245
_a
The Winn Rosch Hardware Bible
260
_a
New Delhi
_b
_c
1989
090
_c
21407
_d
21407
942
_a
NUST-CAE
_c
M
_c
12678
999
_c
266624
_d
266624